Manchester United Best XI - Statistics

General Stats
  • This quiz has been taken 1,471 times
    1,453 since last reset
  • The average score is 13 of 18
Answer Stats
Hint Answer % Correct
ST Rooney
94%
CM Scholes
94%
SUB Ronaldo
93%
LM Giggs
92%
CB Ferdinand
91%
CB Vidic
90%
RB Neville
86%
GK Schmeichel
86%
RM Beckham
85%
LB Evra
83%
CM Keane
77%
SUB Van Der Sar
74%
ST Cantona
72%
SUB Van Nistelrooy
57%
SUB Yorke
56%
SUB Irwin
55%
SUB Bruce
40%
SUB Robson
22%
No matching quizzes found
Score Distribution
Percent of People with Each Score
Percentile by Number Answered
Your Score History
You have not taken this quiz since the last reset